Getting started with WAP and WML / (Record no. 5526)
[ view plain ]
| 000 -LEADER | |
|---|---|
| fixed length control field | 00956nac a22002411u 4500 |
| 008 - FIXED-LENGTH DATA ELEMENTS--GENERAL INFORMATION | |
| fixed length control field | 111219s2001 cau|||||r|||| 00| 0 eng d |
| 010 ## - LIBRARY OF CONGRESS CONTROL NUMBER | |
| LC control number | 2001087088 |
| 020 ## - INTERNATIONAL STANDARD BOOK NUMBER | |
| International Standard Book Number | 078212870X |
| 082 ## - DEWEY DECIMAL CLASSIFICATION NUMBER | |
| Classification number | 004.62 |
| Item number | EVA |
| Edition number | 22 |
| 100 ## - MAIN ENTRY--PERSONAL NAME | |
| Personal name | Evans, Huw. |
| 9 (RLIN) | 28179 |
| 245 10 - TITLE STATEMENT | |
| Title | Getting started with WAP and WML / |
| Statement of responsibility, etc | Huw Evans, Paul Ashworth. |
| 250 ## - EDITION STATEMENT | |
| Edition statement | 1st ed. |
| 260 ## - PUBLICATION, DISTRIBUTION, ETC. (IMPRINT) | |
| Place of publication, distribution, etc | Alameda, CA : |
| Name of publisher, distributor, etc | Sybex Inc., |
| Date of publication, distribution, etc | c.2001. |
| 300 ## - PHYSICAL DESCRIPTION | |
| Extent | 363 p. ; |
| Dimensions | 24 cm. |
| 500 ## - GENERAL NOTE | |
| General note | Distributer : Al-Ahram. |
| 511 ## - PARTICIPANT OR PERFORMER NOTE | |
| Participant or performer note | Catalogued By : Mahitab. |
| 650 ## - SUBJECT ADDED ENTRY--TOPICAL TERM | |
| Topical term or geographic name as entry element | Wireless application protocol (Computer network protocol) |
| 9 (RLIN) | 28180 |
| 650 ## - SUBJECT ADDED ENTRY--TOPICAL TERM | |
| Topical term or geographic name as entry element | Wireless communication systems. |
| 9 (RLIN) | 28181 |
| 700 1# - ADDED ENTRY--PERSONAL NAME | |
| Personal name | Ashworth, Paul. |
| 9 (RLIN) | 28182 |
| 856 42 - ELECTRONIC LOCATION AND ACCESS | |
| Materials specified | Publisher description |
| Uniform Resource Identifier | <a href="http://www.loc.gov/catdir/enhancements/fy0611/2001087088-d.html">http://www.loc.gov/catdir/enhancements/fy0611/2001087088-d.html</a> |
| 942 ## - ADDED ENTRY ELEMENTS (KOHA) | |
| Item type | Book - Borrowing |
| Call number prefix | 004.62EVA |
| Source of classification or shelving scheme | Dewey Decimal Classification |
| Withdrawn status | Item status | Damaged status | Not for loan | Home library | Current library | Shelving location | Date acquired | Source of acquisition | Total Checkouts | Full call number | Barcode | Date last seen | Date last borrowed | Koha item type |
|---|---|---|---|---|---|---|---|---|---|---|---|---|---|---|
| Central Library | Central Library | Lower Floor | 30/10/2007 | Purchase | 1 | 004.62EVA | 000006590 | 15/07/2025 | 08/02/2009 | Book - Borrowing | ||||
| Central Library | Central Library | Lower Floor | 30/10/2007 | Purchase | 1 | 004.62EVA | 000008198 | 24/08/2022 | 08/02/2009 | CD | DVD - With book |